| 000 | 00994nas a2200265 4500 | ||
|---|---|---|---|
| 001 | BR8103821 | ||
| 003 | BR-BrBNA | ||
| 005 | 20231205084816.0 | ||
| 007 | ta | ||
| 008 | 230509b bl.|||p| |||| 00| 00por d | ||
| 040 |
_aBR-BrBNA _bpor _cBiblioteca Nacional de Agricultura |
||
| 041 | _a(Pt) | ||
| 072 | _aE30 | ||
| 110 | 1 |
_aSecretaria de Estado do Planejamento e Coordenacao Geral, Belo Horizonte, MG (Brasil) _98929 |
|
| 245 | 1 | _aGovernador garantiu recursos para a segunda etapa do PRODEMATA [Programa de Desenvolvimento Integrado da Zona da Mata; Minas Gerais; Brasil] | |
| 650 | _aPOLITICA AGRICOLA | ||
| 650 | _aDESENVOLVIMENTO AGRICOLA | ||
| 650 | _aPESQUISA AGRICOLA | ||
| 650 | _aREFLORESTAMENTO | ||
| 650 | _aZONA DA MATA | ||
| 650 | _aMINAS GERAIS | ||
| 773 | 0 |
_tInforme Agropecuario - Empresa de Pesquisa Agropecuaria de Minas Gerais (Brazil) _xISSN 0100-3364 _g(Nov 1981), v. 7(83) p. 4-7 _wBR8103821 |
|
| 909 |
_a202311 _bLúcia _c55 _dLúcia Elande |
||
| 942 |
_2AGRIS _n0 _cANA |
||
| 999 |
_c107417 _d107417 |
||